[Event "8. Open Internacional de Málaga"]
[Site "Campillos ESP"]
[Date "2005.02.19"]
[Round "1.2"]
[White "Rubio Doblas, Ricardo"]
[Black "Suba, Mihai"]
[Result "0-1"]
[WhiteElo "2090"]
[BlackElo "2529"]
[PlyCount "45"]
[EventDate "2005.02.19"]
[EventType "swiss"]
[EventRounds "9"]
[EventCountry "ESP"]
[Source "lmi"]
[SourceDate "2005.02.26"]

1. e4 c5 2. Nf3 d6 3. d4 Nf6 4. Nc3 cxd4 5. Qxd4 a6 6. Bg5 Nc6 7. Qd2 h6 8. Bh4
e6 9. O-O-O Bd7 10. Bg3 e5 11. Nh4 Qa5 12. Kb1 Rc8 13. f4 Be6 14. Nf5 Nxe4 15.
Qd3 Nxc3+ 16. bxc3 e4 17. Qxe4 Qxf5 18. Qe3 Be7 19. Bd3 Qa5 20. f5 Bxa2+ 21.
Kb2 Ne5 22. Qd4 Rc4 23. Ra1 0-1

[Event "8. Open Internacional de Málaga"]
[Site "Campillos ESP"]
[Date "2005.02.19"]
[Round "1.3"]
[White "Matamoros Franco, Carlos S"]
[Black "Gavilan Diaz, Mario"]
[Result "1-0"]
[WhiteElo "2522"]
[BlackElo "2078"]
[PlyCount "55"]
[EventDate "2005.02.19"]
[EventType "swiss"]
[EventRounds "9"]
[EventCountry "ESP"]
[Source "lmi"]
[SourceDate "2005.02.26"]

1. c4 e5 2. g3 d6 3. Bg2 f5 4. Nc3 Nf6 5. d3 g6 6. e4 Bg7 7. Nge2 O-O 8. O-O c6
9. exf5 gxf5 10. d4 Be6 11. b3 Qd7 12. Ba3 Rd8 13. Qd2 Na6 14. Rad1 Nc7 15.
dxe5 dxe5 16. Qe3 Qf7 17. Bb2 Ng4 18. Rxd8+ Rxd8 19. Qxa7 f4 20. h3 f3 21. hxg4
fxg2 22. Kxg2 Bxg4 23. f3 Be6 24. Ne4 Bf5 25. Qxb7 Rd7 26. Qxc6 Ne6 27. Nd6 Qg6
28. Qxd7 1-0

[Event "8. Open Internacional de Málaga"]
[Site "Campillos ESP"]
[Date "2005.02.19"]
[Round "1.4"]
[White "Vecchia, Mario"]
[Black "Arizmendi Martinez, Julen"]
[Result "0-1"]
[WhiteElo "2069"]
[BlackElo "2509"]
[PlyCount "52"]
[EventDate "2005.02.19"]
[EventType "swiss"]
[EventRounds "9"]
[EventCountry "ESP"]
[Source "lmi"]
[SourceDate "2005.02.26"]

1. e4 e6 2. d4 d5 3. exd5 exd5 4. Nf3 Nf6 5. Bd3 c5 6. c3 Nc6 7. O-O Be7 8. Re1
O-O 9. h3 Qb6 10. Nbd2 cxd4 11. cxd4 Bd6 12. Nf1 h6 13. Ne3 Re8 14. b3 a5 15.
a3 Be6 16. Rb1 Rad8 17. Bb2 Bb8 18. b4 axb4 19. Bc3 Ne4 20. Bxb4 Nxd4 21. Nxd4
Qxd4 22. Bb5 Qe5 23. Nf1 Bd7 24. Bxd7 Rxd7 25. f3 Ba7+ 26. Ne3 Nc3 0-1

[Event "8. Open Internacional de Málaga"]
[Site "Campillos ESP"]
[Date "2005.02.19"]
[Round "1.5"]
[White "Khamrakulov, Ibragim S"]
[Black "Torres Tellez, Jonathan"]
[Result "1-0"]
[WhiteElo "2501"]
[BlackElo "2042"]
[PlyCount "75"]
[EventDate "2005.02.19"]
[EventType "swiss"]
[EventRounds "9"]
[EventCountry "ESP"]
[Source "lmi"]
[SourceDate "2005.02.26"]

1. e4 e5 2. Nf3 Nc6 3. d4 exd4 4. Nxd4 Nf6 5. Nxc6 bxc6 6. e5 Qe7 7. Qe2 Nd5 8.
c4 Nb6 9. Nc3 Ba6 10. b3 d5 11. exd6 cxd6 12. Bg5 f6 13. Bf4 g5 14. Qxe7+ Bxe7
15. Be3 O-O-O 16. O-O-O Bb7 17. h4 h6 18. Bd3 Kb8 19. Rde1 Nc8 20. Bf5 d5 21.
cxd5 cxd5 22. Bd4 Rhf8 23. Kb2 Rf7 24. Be6 Rg7 25. hxg5 hxg5 26. Rh6 Rf8 27.
Bxd5 Nb6 28. Bxb7 Kxb7 29. Re6 Rgf7 30. Ne4 Nd5 31. Nd6+ Bxd6 32. Rxd6 Nf4 33.
g3 Nd3+ 34. Ka3 Ne5 35. f4 Ng4 36. Rg6 Nh2 37. fxg5 Nf3 38. Bxf6 1-0

[Event "8. Open Internacional de Málaga"]
[Site "Campillos ESP"]
[Date "2005.02.19"]
[Round "1.7"]
[White "Komljenovic, Davor"]
[Black "Bolle, Leendert"]
[Result "1-0"]
[WhiteElo "2492"]
[BlackElo "2036"]
[PlyCount "67"]
[EventDate "2005.02.19"]
[EventType "swiss"]
[EventRounds "9"]
[EventCountry "ESP"]
[Source "lmi"]
[SourceDate "2005.02.26"]

1. d4 f5 2. Nf3 Nf6 3. g3 e6 4. Bg2 Be7 5. c4 O-O 6. O-O d6 7. b3 Ne4 8. Bb2
Nd7 9. Nbd2 Ndf6 10. b4 a5 11. b5 b6 12. Qc2 Bb7 13. Ng5 Nxg5 14. Bxb7 Rb8 15.
Bg2 Nd7 16. f4 Nf7 17. e4 g6 18. Rfe1 Bf6 19. Rad1 Qc8 20. a4 h6 21. Nb3 Re8
22. Kh1 Kg7 23. e5 dxe5 24. fxe5 Be7 25. c5 Nf8 26. d5 Kh7 27. d6 cxd6 28. exd6
Bxd6 29. Qc3 e5 30. cxd6 Qxc3 31. Bxc3 e4 32. g4 Nd7 33. gxf5 gxf5 34. Bh3 1-0

[Event "8. Open Internacional de Málaga"]
[Site "Campillos ESP"]
[Date "2005.02.19"]
[Round "1.9"]
[White "Cramling, Pia"]
[Black "Garcia Gata, Jorge David"]
[Result "1-0"]
[WhiteElo "2481"]
[BlackElo "2010"]
[PlyCount "87"]
[EventDate "2005.02.19"]
[EventType "swiss"]
[EventRounds "9"]
[EventCountry "ESP"]
[Source "lmi"]
[SourceDate "2005.02.26"]

1. d4 Nf6 2. Nf3 g6 3. g3 Bg7 4. Bg2 c5 5. c3 O-O 6. O-O cxd4 7. cxd4 d6 8. Nc3
Nc6 9. d5 Nb4 10. a3 Na6 11. Be3 Bd7 12. Bd4 Rc8 13. e4 Nc5 14. Re1 Bg4 15. Rc1
Bh6 16. Rb1 e5 17. dxe6 fxe6 18. b4 Ncd7 19. Qb3 Bxf3 20. Qxe6+ Rf7 21. Bxf3
Bd2 22. Nb5 Nf8 23. Qa2 Bxe1 24. Rxe1 a6 25. Nc3 N8d7 26. Bd1 Kf8 27. Bb3 Ne5
28. Bxe5 dxe5 29. Bxf7 Rxc3 30. Bd5 Qc8 31. Qd2 Kg7 32. Bxb7 Qc7 33. Bxa6 Rc2
34. Qd1 Nxe4 35. Qd5 Nxf2 36. Qxe5+ Qxe5 37. Rxe5 Nh3+ 38. Kf1 Ra2 39. Bc8 Kf6
40. Re6+ Kf7 41. Re2 Ra1+ 42. Kg2 Ng5 43. h4 Rc1 44. Bd7 1-0

[Event "8. Open Internacional de Málaga"]
[Site "Campillos ESP"]
[Date "2005.02.19"]
[Round "1.10"]
[White "Blanco Villalba, Jose Francisco"]
[Black "Rizouk, Aimen"]
[Result "0-1"]
[WhiteElo "1962"]
[BlackElo "2465"]
[PlyCount "68"]
[EventDate "2005.02.19"]
[EventType "swiss"]
[EventRounds "9"]
[EventCountry "ESP"]
[Source "lmi"]
[SourceDate "2005.02.26"]

1. e4 c5 2. Nf3 Nc6 3. d4 cxd4 4. Nxd4 Nf6 5. Nc3 d6 6. Be2 e5 7. Nb3 Be7 8.
O-O O-O 9. Re1 Be6 10. Bf3 a5 11. Nd5 Bxd5 12. exd5 Nb8 13. a4 h6 14. Nd2 Nh7
15. b3 f5 16. Nc4 Ng5 17. Ba3 Kh8 18. Be2 Na6 19. Qd2 b6 20. f4 exf4 21. Qxf4
Ne4 22. Bd3 Bg5 23. Qf3 Bf6 24. Rad1 Bd4+ 25. Kf1 Qh4 26. Bb2 Bc5 27. Ne3 Qxh2
28. Qh3 Ng3+ 29. Kf2 Qxh3 30. gxh3 f4 31. Kg2 Bxe3 32. Rxe3 fxe3 33. Kxg3 Nc5
34. Bb5 Ne4+ 0-1

[Event "8. Open Internacional de Málaga"]
[Site "Campillos ESP"]
[Date "2005.02.19"]
[Round "1.11"]
[White "Javakhishvili, Lela"]
[Black "Garzon Rodriguez, Jose Manuel"]
[Result "1-0"]
[WhiteElo "2456"]
[BlackElo "1975"]
[PlyCount "51"]
[EventDate "2005.02.19"]
[EventType "swiss"]
[EventRounds "9"]
[EventCountry "ESP"]
[Source "lmi"]
[SourceDate "2005.02.26"]

1. d4 d5 2. c4 c6 3. Nf3 e6 4. Qc2 Nf6 5. Bg5 Nbd7 6. e3 Qa5+ 7. Nc3 Ne4 8.
cxd5 exd5 9. Bd3 Ndf6 10. O-O Nxg5 11. Nxg5 h6 12. Nf3 Bd6 13. Rae1 Qc7 14. e4
dxe4 15. Nxe4 Kd8 16. Nxf6 gxf6 17. Bf5 Bd7 18. Re2 Qc8 19. Nh4 Kc7 20. d5 c5
21. b4 b6 22. bxc5 bxc5 23. Qc3 Qd8 24. Qa5+ Kc8 25. Qa6+ Kc7 26. Rb1 1-0

[Event "8. Open Internacional de Málaga"]
[Site "Campillos ESP"]
[Date "2005.02.19"]
[Round "1.12"]
[White "Pedraza Fernandez, Miguel Angel"]
[Black "Barrientos Chavarriaga, Sergio"]
[Result "0-1"]
[WhiteElo "1960"]
[BlackElo "2432"]
[PlyCount "80"]
[EventDate "2005.02.19"]
[EventType "swiss"]
[EventRounds "9"]
[EventCountry "ESP"]
[Source "lmi"]
[SourceDate "2005.02.26"]

1. Nf3 Nf6 2. d4 e6 3. e3 b6 4. Bd3 Bb7 5. Nbd2 c5 6. b3 cxd4 7. exd4 Be7 8.
O-O O-O 9. Bb2 d6 10. Re1 Nbd7 11. Ng5 h6 12. Nge4 Nd5 13. a3 Rc8 14. c4 Nf4
15. Bf1 d5 16. cxd5 Bxd5 17. g3 Nf6 18. Rc1 Rxc1 19. Qxc1 Ng6 20. Qc2 Qa8 21.
Ba6 Rd8 22. f3 Ne8 23. Rc1 Nd6 24. Nxd6 Bxd6 25. Qc8 Ne7 26. Qxa8 Bxa8 27. Kf2
Nc6 28. Nc4 Bf8 29. Ne3 g5 30. Nc2 Bg7 31. Ke3 Ne7 32. g4 Nd5+ 33. Kf2 Nf4 34.
Nb4 e5 35. dxe5 Rd2+ 36. Ke3 Rxb2 37. Rc8+ Bf8 38. Rxa8 Rxb3+ 39. Ke4 Rxa3 40.
Kd4 Kg7 0-1

[Event "8. Open Internacional de Málaga"]
[Site "Campillos ESP"]
[Date "2005.02.19"]
[Round "1.13"]
[White "Bellon Lopez, Juan Manuel"]
[Black "Gil Rodriguez, Isabel"]
[Result "1-0"]
[WhiteElo "2428"]
[BlackElo "1938"]
[PlyCount "53"]
[EventDate "2005.02.19"]
[EventType "swiss"]
[EventRounds "9"]
[EventCountry "ESP"]
[Source "lmi"]
[SourceDate "2005.02.26"]

1. d4 d5 2. c4 e6 3. Nf3 Nf6 4. Nc3 Nbd7 5. Bg5 Be7 6. e3 b6 7. Qc2 Bb7 8.
O-O-O Ne4 9. Bxe7 Qxe7 10. cxd5 Nxc3 11. Qxc3 exd5 12. Kb1 Rc8 13. Bd3 O-O 14.
Bf5 c5 15. Qa3 Ra8 16. Rc1 Bc8 17. Bxd7 Bxd7 18. dxc5 Qe4+ 19. Ka1 Rfc8 20. c6
Bxc6 21. Nd4 Qg6 22. Qe7 Re8 23. Nxc6 Qxc6 24. Qxf7+ Kxf7 25. Rxc6 Re7 26. Rd6
Rc8 27. Kb1 1-0

[Event "8. Open Internacional de Málaga"]
[Site "Campillos ESP"]
[Date "2005.02.19"]
[Round "1.14"]
[White "Escofet Llongueras, Joan"]
[Black "Baron Rodriguez, Jesus"]
[Result "0-1"]
[WhiteElo "1928"]
[BlackElo "2422"]
[PlyCount "72"]
[EventDate "2005.02.19"]
[EventType "swiss"]
[EventRounds "9"]
[EventCountry "ESP"]
[Source "lmi"]
[SourceDate "2005.02.26"]

1. c4 e6 2. g3 Nf6 3. Bg2 d5 4. cxd5 exd5 5. d4 c6 6. Nc3 Bf5 7. Nf3 h6 8. O-O
Bd6 9. Nh4 Bh7 10. Bh3 O-O 11. Qb3 b6 12. Nf5 Bc7 13. Bf4 Bxf4 14. gxf4 Nh5 15.
e3 Qf6 16. Ng3 Qh4 17. Kg2 Nf6 18. Nf5 Bxf5 19. Bxf5 Nbd7 20. Qd1 Rad8 21. Qf3
Ne8 22. Qg4 Qe7 23. Rg1 Ndf6 24. Qh3 Nd6 25. Kh1 Nxf5 26. Qxf5 Rd6 27. Rg2 Rfd8
28. Rag1 Ne8 29. Qe5 Qf6 30. f3 Kf8 31. Rc2 R8d7 32. f5 Qh4 33. Rg4 Qh3 34.
Rcg2 Qxf3 35. Rxg7 Nxg7 36. Qxg7+ Ke8 0-1

[Event "8. Open Internacional de Málaga"]
[Site "Campillos ESP"]
[Date "2005.02.19"]
[Round "1.15"]
[White "Perez, Rodney"]
[Black "Ortega Gonzalez, Jose Luis"]
[Result "1-0"]
[WhiteElo "2430"]
[BlackElo "1920"]
[PlyCount "59"]
[EventDate "2005.02.19"]
[EventType "swiss"]
[EventRounds "9"]
[EventCountry "ESP"]
[Source "lmi"]
[SourceDate "2005.02.26"]

1. e4 e6 2. b3 d5 3. Bb2 dxe4 4. Nc3 Nf6 5. Qe2 Nc6 6. O-O-O Bd7 7. Nxe4 Nxe4
8. Qxe4 Qe7 9. Nf3 O-O-O 10. Kb1 Kb8 11. g3 f6 12. d4 Qf7 13. Bg2 Qg6 14. Qe2
Bd6 15. Nd2 Rhe8 16. Ne4 Bf8 17. h4 Qf5 18. Nc5 Bxc5 19. Be4 Nxd4 20. Bxd4 Bb5
21. Qxb5 Qxe4 22. Qxc5 b6 23. Qc3 Rd5 24. f3 Qg6 25. Bf2 Rxd1+ 26. Rxd1 Qf7 27.
Qc6 Rc8 28. a4 Qe7 29. Rd7 Qf8 30. a5 1-0

[Event "8. Open Internacional de Málaga"]
[Site "Campillos ESP"]
[Date "2005.02.20"]
[Round "2.1"]
[White "Suba, Mihai"]
[Black "Belezky, Sasha"]
[Result "1/2-1/2"]
[WhiteElo "2529"]
[BlackElo "2402"]
[PlyCount "80"]
[EventDate "2005.02.19"]
[EventType "swiss"]
[EventRounds "9"]
[EventCountry "ESP"]
[Source "lmi"]
[SourceDate "2005.02.26"]

1. Nf3 Nf6 2. c4 g6 3. g3 Bg7 4. Bg2 O-O 5. O-O d6 6. Nc3 Nc6 7. d3 e5 8. Rb1
a5 9. a3 h6 10. b4 axb4 11. axb4 Be6 12. b5 Ne7 13. Qb3 Nd7 14. Ba3 f5 15. Nd2
Qb8 16. Ra1 g5 17. Bb2 Rxa1 18. Rxa1 Nc5 19. Qc2 Qd8 20. Na4 b6 21. Nxc5 bxc5
22. Ra6 Qd7 23. Qa4 Nc8 24. Qa1 Qf7 25. f4 exf4 26. Bxg7 Qxg7 27. Qxg7+ Kxg7
28. gxf4 gxf4 29. Kf2 Kf6 30. Ra8 Rg8 31. Nb3 Nb6 32. Ra7 Rg7 33. Na5 Na4 34.
Bf3 Nc3 35. Ke1 Na4 36. Nc6 Nb6 37. Kf2 d5 38. cxd5 Nxd5 39. Nd8 Nb6 40. Ra6
Bd7 1/2-1/2

[Event "8. Open Internacional de Málaga"]
[Site "Campillos ESP"]
[Date "2005.02.20"]
[Round "2.2"]
[White "Alonso, Rene"]
[Black "Matamoros Franco, Carlos S"]
[Result "0-1"]
[WhiteElo "2395"]
[BlackElo "2522"]
[PlyCount "68"]
[EventDate "2005.02.19"]
[EventType "swiss"]
[EventRounds "9"]
[EventCountry "ESP"]
[Source "lmi"]
[SourceDate "2005.02.26"]

1. Nf3 Nf6 2. c4 g6 3. g3 Bg7 4. Bg2 O-O 5. d4 d6 6. O-O Nbd7 7. Nc3 e5 8. h3
a6 9. dxe5 dxe5 10. Be3 Qe7 11. Qb3 c6 12. Rfd1 Ne8 13. c5 Nc7 14. Rac1 Kh8 15.
Ne4 f5 16. Bg5 Qe6 17. Nd6 e4 18. Nxc8 Raxc8 19. Nd4 Bxd4 20. Rxd4 Qxb3 21.
axb3 Nxc5 22. Rd6 Nb5 23. Rxc5 Nxd6 24. Be7 Rfd8 25. Bxd8 Rxd8 26. f3 exf3 27.
Bxf3 Nb5 28. Re5 Rd7 29. Kf2 Kg7 30. g4 Kf6 31. Re8 Nd4 32. gxf5 gxf5 33. Rb8
Re7 34. Rc8 Nxb3 0-1

[Event "8. Open Internacional de Málaga"]
[Site "Campillos ESP"]
[Date "2005.02.20"]
[Round "2.3"]
[White "Arizmendi Martinez, Julen"]
[Black "Slaby, Jerzy"]
[Result "1/2-1/2"]
[WhiteElo "2509"]
[BlackElo "2401"]
[PlyCount "66"]
[EventDate "2005.02.19"]
[EventType "swiss"]
[EventRounds "9"]
[EventCountry "ESP"]
[Source "lmi"]
[SourceDate "2005.02.26"]

1. e4 c5 2. Nf3 d6 3. d4 cxd4 4. Nxd4 Nf6 5. Nc3 Nc6 6. Bg5 e6 7. Qd2 Be7 8.
O-O-O O-O 9. Nb3 Qb6 10. f3 Rd8 11. Nb5 Rd7 12. Qe1 a6 13. N5d4 Rd8 14. g4 e5
15. Nf5 Bxf5 16. exf5 d5 17. Bh4 a5 18. g5 Nh5 19. a4 Qb4 20. Qxb4 axb4 21. Bb5
Na7 22. f6 gxf6 23. Rhe1 Nxb5 24. axb5 Kg7 25. gxf6+ Bxf6 26. Rg1+ Kf8 27. Bxf6
Nxf6 28. Rg5 Re8 29. Rf5 Re6 30. Nc5 Rb6 31. Rxe5 Ra1+ 32. Kd2 Rxd1+ 33. Kxd1
Rxb5 1/2-1/2

[Event "8. Open Internacional de Málaga"]
[Site "Campillos ESP"]
[Date "2005.02.20"]
[Round "2.4"]
[White "Matnadze, Ana"]
[Black "Khamrakulov, Ibragim S"]
[Result "1/2-1/2"]
[WhiteElo "2376"]
[BlackElo "2501"]
[PlyCount "58"]
[EventDate "2005.02.19"]
[EventType "swiss"]
[EventRounds "9"]
[EventCountry "ESP"]
[Source "lmi"]
[SourceDate "2005.02.26"]

1. d4 Nf6 2. g3 d5 3. Bg2 c5 4. c4 Nc6 5. Nf3 dxc4 6. Qa4 cxd4 7. Nxd4 Qxd4 8.
Bxc6+ Bd7 9. Bxd7+ Qxd7 10. Qxc4 Rc8 11. Qf4 Nd5 12. Qd2 Qh3 13. Nc3 Nxc3 14.
bxc3 Qg2 15. Rf1 e6 16. Qd4 Qc6 17. Bd2 Rd8 18. Qe5 f6 19. Qh5+ g6 20. Qf3 Qd7
21. Be3 Bg7 22. Rg1 b6 23. Kf1 O-O 24. Kg2 Qa4 25. h4 Rd5 26. Rac1 Rc8 27. c4
Rdd8 28. c5 bxc5 29. Bxc5 Qxa2 1/2-1/2

[Event "8. Open Internacional de Málaga"]
[Site "Campillos ESP"]
[Date "2005.02.20"]
[Round "2.5"]
[White "Galego, Luis"]
[Black "Carlsson, Pontus"]
[Result "1-0"]
[WhiteElo "2496"]
[BlackElo "2381"]
[PlyCount "82"]
[EventDate "2005.02.19"]
[EventType "swiss"]
[EventRounds "9"]
[EventCountry "ESP"]
[Source "lmi"]
[SourceDate "2005.02.26"]

1. e4 c5 2. Nf3 d6 3. Nc3 Nc6 4. Bb5 Bd7 5. O-O Nf6 6. Re1 e6 7. Bxc6 Bxc6 8.
d4 cxd4 9. Qxd4 Be7 10. Bg5 O-O 11. Rad1 Qc7 12. Bxf6 Bxf6 13. Qxd6 Qa5 14. Qd2
Bxc3 15. Qxc3 Qxc3 16. bxc3 Rfc8 17. Rd4 Rc7 18. Re3 Be8 19. Rb4 Rac8 20. Nd4
b6 21. Ne2 e5 22. Kf1 f6 23. Ke1 Bf7 24. Rb2 Bc4 25. Nc1 Rd8 26. Rb4 Ba6 27. h4
h5 28. Ra4 Bb5 29. Rb4 Ba6 30. Ra4 Bb5 31. Rb4 Ba6 32. a4 Kf7 33. Rb1 Bc4 34.
Nb3 Rcd7 35. a5 Rb8 36. Nc5 Rc7 37. Nd3 Rc6 38. Ke2 Rbc8 39. axb6 axb6 40. Ra1
R8c7 41. Ra3 Ra7 1-0

[Event "8. Open Internacional de Málaga"]
[Site "Campillos ESP"]
[Date "2005.02.20"]
[Round "2.7"]
[White "Saldano, Horacio"]
[Black "Kovacevic, Slobodan"]
[Result "1-0"]
[WhiteElo "2482"]
[BlackElo "2367"]
[PlyCount "41"]
[EventDate "2005.02.19"]
[EventType "swiss"]
[EventRounds "9"]
[EventCountry "ESP"]
[Source "lmi"]
[SourceDate "2005.02.26"]

1. e4 c5 2. Nf3 e6 3. d4 cxd4 4. Nxd4 a6 5. Nc3 Qc7 6. Bd3 Nc6 7. Nxc6 dxc6 8.
O-O e5 9. f4 Nf6 10. Kh1 Bc5 11. Qe1 O-O 12. f5 b5 13. g4 h6 14. Qh4 Be7 15. g5
hxg5 16. Bxg5 Rd8 17. Rg1 Rd6 18. Rg3 Bb7 19. Rh3 Kf8 20. Qh8+ Ng8 21. Rh7 1-0

[Event "8. Open Internacional de Málaga"]
[Site "Campillos ESP"]
[Date "2005.02.20"]
[Round "2.8"]
[White "Fenollar Jorda, Manuel"]
[Black "Cramling, Pia"]
[Result "1/2-1/2"]
[WhiteElo "2226"]
[BlackElo "2481"]
[PlyCount "75"]
[EventDate "2005.02.19"]
[EventType "swiss"]
[EventRounds "9"]
[EventCountry "ESP"]
[Source "lmi"]
[SourceDate "2005.02.26"]

1. d4 Nf6 2. Nf3 d5 3. e3 c6 4. Bd3 Bg4 5. Nbd2 Nbd7 6. h3 Bh5 7. g4 Bg6 8. Ne5
Nxe5 9. dxe5 Nd7 10. f4 e6 11. O-O Bc5 12. Nb3 Bb6 13. Kg2 Qe7 14. a4 Bxd3 15.
cxd3 a6 16. Bd2 f6 17. exf6 gxf6 18. e4 dxe4 19. dxe4 h5 20. Na5 hxg4 21. hxg4
Qh7 22. Rh1 Qxe4+ 23. Qf3 Qxf3+ 24. Kxf3 O-O-O 25. Nc4 Bc7 26. Bc3 Rhf8 27.
Rad1 e5 28. Nd6+ Kb8 29. f5 Nb6 30. Ne4 Rxd1 31. Rxd1 Nd5 32. Rh1 Rf7 33. Be1
Bb6 34. Nd6 Rd7 35. Rh8+ Rd8 36. Rxd8+ Bxd8 37. Nf7 Kc8 38. Nd6+ 1/2-1/2

[Event "8. Open Internacional de Málaga"]
[Site "Campillos ESP"]
[Date "2005.02.20"]
[Round "2.9"]
[White "Rizouk, Aimen"]
[Black "Fernandez Siles, Luis"]
[Result "1-0"]
[WhiteElo "2465"]
[BlackElo "2280"]
[PlyCount "111"]
[EventDate "2005.02.19"]
[EventType "swiss"]
[EventRounds "9"]
[EventCountry "ESP"]
[Source "lmi"]
[SourceDate "2005.02.26"]

1. e4 c5 2. Nf3 d6 3. d4 cxd4 4. Nxd4 Nf6 5. Nc3 g6 6. Be3 Bg7 7. f3 O-O 8. Bc4
Nc6 9. Qd2 Bd7 10. h4 Ne5 11. Bb3 Qa5 12. O-O-O Rfc8 13. g4 Nc4 14. Bxc4 Rxc4
15. Nb3 Qa6 16. h5 Rxc3 17. Qxc3 Nxg4 18. Bd4 Rc8 19. hxg6 fxg6 20. Qd2 Ne5 21.
Bxe5 Bxe5 22. f4 Bg7 23. Kb1 Be6 24. f5 Bf7 25. Rdg1 Qc4 26. Qg2 g5 27. Rh2 h6
28. Rgh1 Kf8 29. Rxh6 Bxh6 30. Rxh6 Ke8 31. Rh3 Qb4 32. Nc1 Qe1 33. Rh1 Qe3 34.
Nd3 Qd4 35. e5 Bd5 36. Rh8+ Kd7 37. e6+ Kc7 38. Rxc8+ Kxc8 39. Qxg5 Qf6 40. Qf4
Bc6 41. Nf2 Qh8 42. b3 Qc3 43. Ng4 Qf3 44. Qg5 Be4 45. Ne3 Kd8 46. Kb2 d5 47.
Qh6 Kc7 48. Qf8 Qxe3 49. Qxe7+ Kb6 50. Qd6+ Ka5 51. Qc7+ Ka6 52. f6 d4 53. f7
Qg5 54. Qd6+ Bc6 55. Qxd4 b5 56. Qg7 1-0

[Event "8. Open Internacional de Málaga"]
[Site "Campillos ESP"]
[Date "2005.02.20"]
[Round "2.11"]
[White "Barrientos Chavarriaga, Sergio"]
[Black "Yeo, Michael J"]
[Result "1-0"]
[WhiteElo "2432"]
[BlackElo "2222"]
[PlyCount "91"]
[EventDate "2005.02.19"]
[EventType "swiss"]
[EventRounds "9"]
[EventCountry "ESP"]
[Source "lmi"]
[SourceDate "2005.02.26"]

1. e4 e5 2. Nf3 Nc6 3. Bb5 a6 4. Ba4 d6 5. d4 b5 6. Bb3 Nxd4 7. Nxd4 exd4 8. c3
dxc3 9. Nxc3 Nf6 10. e5 dxe5 11. Bxf7+ Ke7 12. Qxd8+ Kxd8 13. Bg5 Bb7 14. O-O
Bd6 15. Rfd1 Rf8 16. Be6 Ke7 17. Bd5 Bxd5 18. Nxd5+ Ke6 19. Bxf6 gxf6 20. Rac1
c5 21. Rc3 Rfd8 22. Rh3 Ra7 23. Nxf6 Kxf6 24. Rh6+ Kg5 25. Rhxd6 Rxd6 26. Rxd6
c4 27. Kf1 Re7 28. Rxa6 b4 29. Rb6 c3 30. bxc3 bxc3 31. Rb1 Ra7 32. Ke2 Rxa2+
33. Ke3 Kf5 34. Rc1 Ra3 35. Rc2 e4 36. Kd4 Kf4 37. Re2 Kf5 38. h3 h5 39. g3 h4
40. g4+ Kg5 41. Kxe4 c2 42. f4+ Kf6 43. g5+ Kg6 44. Rxc2 Rxh3 45. Rc6+ Kg7 46.
Kf5 1-0

[Event "8. Open Internacional de Málaga"]
[Site "Campillos ESP"]
[Date "2005.02.20"]
[Round "2.12"]
[White "Gomez Cerezo, Diego Jesus"]
[Black "Bellon Lopez, Juan Manuel"]
[Result "0-1"]
[WhiteElo "2132"]
[BlackElo "2428"]
[PlyCount "68"]
[EventDate "2005.02.19"]
[EventType "swiss"]
[EventRounds "9"]
[EventCountry "ESP"]
[Source "lmi"]
[SourceDate "2005.02.26"]

1. d4 d5 2. c4 c6 3. Nf3 dxc4 4. a4 Nf6 5. Nc3 Bf5 6. e3 Na6 7. Bxc4 Nb4 8. O-O
e6 9. Ne5 Bd6 10. f3 Qc7 11. f4 a6 12. Qf3 Nc2 13. Ra2 c5 14. g4 Nxg4 15. Nxg4
cxd4 16. Nb5 axb5 17. Bxb5+ Kf8 18. e4 Bxg4 19. Qxg4 Ne3 20. Bxe3 dxe3 21. b3
h5 22. Qf3 Rh6 23. e5 Bb4 24. Rg2 g6 25. Kh1 Bd2 26. Bc4 Qc6 27. Qe2 Rd8 28. h3
Qe4 29. Kh2 Rd4 30. Rg5 Ke7 31. h4 Rh8 32. Rf3 Rc8 33. Rgg3 Bc1 34. Kh3 Qf5+
0-1

[Event "8. Open Internacional de Málaga"]
[Site "Campillos ESP"]
[Date "2005.02.20"]
[Round "2.13"]
[White "Baron Rodriguez, Jesus"]
[Black "Naranjo Moreno, Antonio"]
[Result "1-0"]
[WhiteElo "2422"]
[BlackElo "2169"]
[PlyCount "105"]
[EventDate "2005.02.19"]
[EventType "swiss"]
[EventRounds "9"]
[EventCountry "ESP"]
[Source "lmi"]
[SourceDate "2005.02.26"]

1. e4 e5 2. Nc3 Nf6 3. g3 d5 4. exd5 Nxd5 5. Bg2 Nxc3 6. bxc3 Bd6 7. Ne2 O-O 8.
O-O c6 9. d3 Re8 10. c4 Na6 11. h3 Qe7 12. Kh2 Bf5 13. f4 Rad8 14. Rb1 Bc8 15.
f5 f6 16. Nc3 Nc5 17. Be3 Qc7 18. Ne4 Nxe4 19. Bxe4 c5 20. g4 Be7 21. h4 b6 22.
Qf3 Rd7 23. Kg2 Bb7 24. a4 Bxe4 25. Qxe4 a5 26. g5 Bd8 27. Rf3 Rd6 28. Kf2 Qc6
29. Qxc6 Rxc6 30. Rg1 Rd6 31. Rg4 Rd7 32. gxf6 Bxf6 33. h5 Kf7 34. Rfg3 h6 35.
Kf3 Rd6 36. Ke4 Rd7 37. Rg6 Rh8 38. Rg1 Rd6 39. Bf2 Re8 40. Be3 Rh8 41. R1g3
Rd7 42. Rf3 Re8 43. Bf2 Rd6 44. c3 Rd7 45. Rh3 Rdd8 46. Bh4 Rh8 47. Bxf6 gxf6
48. Rhg3 Rh7 49. Rg1 Re8 50. R6g3 Rd8 51. R1g2 Re8 52. Kd5 Rc8 53. Kd6 1-0

[Event "8. Open Internacional de Málaga"]
[Site "Campillos ESP"]
[Date "2005.02.20"]
[Round "2.14"]
[White "Picazo Lopez, Juan Antonio"]
[Black "Perez, Rodney"]
[Result "0-1"]
[WhiteElo "2090"]
[BlackElo "2430"]
[PlyCount "26"]
[EventDate "2005.02.19"]
[EventType "swiss"]
[EventRounds "9"]
[EventCountry "ESP"]
[Source "lmi"]
[SourceDate "2005.02.26"]

1. d4 d5 2. c4 dxc4 3. Nc3 c6 4. e3 b5 5. Nxb5 cxb5 6. Qf3 Qc7 7. Qxa8 Bb7 8.
Qxa7 e5 9. Bxc4 Bb4+ 10. Bd2 Bxd2+ 11. Kxd2 bxc4 12. Nf3 Na6 13. Nxe5 Ne7 0-1

[Event "8. Open Internacional de Málaga"]
[Site "Campillos ESP"]
[Date "2005.02.20"]
[Round "2.19"]
[White "Gutierrez Castillo, Paloma"]
[Black "Korneev, Oleg"]
[Result "1-0"]
[WhiteElo "2120"]
[BlackElo "2602"]
[PlyCount "145"]
[EventDate "2005.02.19"]
[EventType "swiss"]
[EventRounds "9"]
[EventCountry "ESP"]
[Source "lmi"]
[SourceDate "2005.02.26"]

1. e4 e5 2. Nf3 Nc6 3. Bc4 Bc5 4. c3 Nf6 5. d3 a6 6. Nbd2 Ba7 7. O-O O-O 8. Bb3
d6 9. h3 h6 10. Re1 Nh5 11. Nf1 Qf6 12. Be3 Bxe3 13. fxe3 g6 14. Qe2 Be6 15.
Bc2 d5 16. exd5 Bxd5 17. Qf2 Rad8 18. d4 exd4 19. cxd4 Nb4 20. Bb1 Bxf3 21.
Qxf3 c6 22. Qxf6 Nxf6 23. Kf2 Rfe8 24. a3 Nbd5 25. Re2 Ne4+ 26. Bxe4 Rxe4 27.
Nd2 Re6 28. Nc4 Rde8 29. Rae1 Kg7 30. Ne5 g5 31. g3 c5 32. Nd7 c4 33. Nc5 R6e7
34. e4 Nf6 35. Kf3 a5 36. a4 Rd8 37. e5 Ne8 38. Rd2 Kg6 39. g4 b6 40. Ne4 f6
41. Rc1 Rc8 42. exf6 Nxf6 43. Nd6 Rc6 44. Nxc4 Nd7 45. Rdc2 Rf6+ 46. Kg2 Re4
47. Rd1 h5 48. gxh5+ Kxh5 49. Rf2 Rg6 50. Rd3 Rg7 51. Nd6 Re1 52. Nf5 Rg8 53.
Re3 Rxe3 54. Nxe3 Kg6 55. Kf3 Rh8 56. Kg3 Nf6 57. Rc2 Nh5+ 58. Kg4 Nf6+ 59. Kg3
Re8 60. Kf3 Rh8 61. Kg3 Rd8 62. d5 Kh5 63. Rc6 Rf8 64. Re6 Ng8 65. Rxb6 Nh6 66.
Re6 Rb8 67. d6 Rxb2 68. Kf3 Nf7 69. Nf5 Rb3+ 70. Ke4 Rb4+ 71. Kd5 Rf4 72. Rf6
Nxd6 73. Rh6# 1-0